[Event "Paracin 2018"]
[Site "Paracin, Hotel Petrus"]
[Date "2018.07.12"]
[Round "8.46"]
[White "Ersahin, Bulent"]
[Black "Vaishali, R."]
[Result "1-0"]
[WhiteElo "2179"]
[BlackElo "2337"]
[PlyCount "91"]
[EventDate "2018.07.06"]

1. e4 c5 2. Nf3 d6 3. d4 cxd4 4. Nxd4 Nf6 5. Nc3 Nc6 6. Bg5 g6 7. Bxf6 exf6 8.
Bc4 Bg7 9. O-O O-O 10. Ndb5 f5 11. exf5 Bxf5 12. Nxd6 Bxc2 13. Nxf7 Qxd1 14.
Ng5+ Kh8 15. Nxd1 Ne5 16. Bd5 Rfd8 17. Ne3 Bh6 18. h4 Bxg5 19. hxg5 Ba4 20.
Rac1 Rd7 21. Rc5 Nd3 22. Ra5 Bc6 23. Bxc6 bxc6 24. Rd1 Rad8 25. Rd2 Kg7 26. Ng4
Nf4 27. Rxd7+ Rxd7 28. Ne5 Rc7 29. Rc5 Ne6 30. Rxc6 Rxc6 31. Nxc6 a6 32. a4 Kf8
33. g3 Ke8 34. f4 Nc5 35. a5 Kd7 36. Nb4 Kd6 37. Kf2 Nb3 38. Nxa6 Nxa5 39. Kf3
Nb3 40. Ke3 Kc6 41. Nb4+ Kc5 42. Nd3+ Kd5 43. Ne5 Nd4 44. Nd7 Nf5+ 45. Kf3 Nd4+
46. Kg4 1-0

[Event "Paracin 2018"]
[Site "Paracin, Hotel Petrus"]
[Date "2018.07.12"]
[Round "8.47"]
[White "Martic, Zlatko"]
[Black "Baltic, Fatih"]
[Result "1/2-1/2"]
[WhiteElo "2264"]
[BlackElo "2157"]
[PlyCount "59"]
[EventDate "2018.07.06"]

1. Nf3 c5 2. g3 Nc6 3. Bg2 g6 4. O-O Bg7 5. e4 e6 6. d3 Nge7 7. c3 d5 8. Qe2
Qc7 9. Bf4 e5 10. exd5 exf4 11. dxc6 O-O 12. cxb7 Bxb7 13. Na3 Nf5 14. Rfe1 Bc6
15. Nc4 Rae8 16. Qd2 Bh6 17. Qc2 fxg3 18. fxg3 Bxf3 19. Rxe8 Rxe8 20. Bxf3 Ne3
21. Qa4 Re7 22. Nxe3 Rxe3 23. Rf1 Rxd3 24. c4 Qe5 25. Qxa7 Rd2 26. Kh1 Qxb2 27.
Bg2 Rf2 28. Rxf2 Qxf2 29. Qb8+ Bf8 30. Qb1 1/2-1/2

[Event "Paracin 2018"]
[Site "Paracin, Hotel Petrus"]
[Date "2018.07.12"]
[Round "8.48"]
[White "Winkelman, Albert"]
[Black "Saksham, Rautela"]
[Result "1/2-1/2"]
[WhiteElo "2210"]
[BlackElo "2064"]
[PlyCount "120"]
[EventDate "2018.07.06"]

1. e4 e5 2. Nf3 Nc6 3. Bb5 g6 4. O-O Bg7 5. Re1 a6 6. Ba4 Nge7 7. c3 O-O 8. d3
b5 9. Bb3 d6 10. a4 Rb8 11. axb5 axb5 12. Nbd2 h6 13. Nf1 Kh7 14. Re3 d5 15.
exd5 Nxd5 16. Re1 b4 17. c4 Nde7 18. Ba4 Bf5 19. Bxc6 Nxc6 20. Ra6 Qd7 21. Ng3
Bg4 22. Be3 b3 23. h3 Bxf3 24. Qxf3 Nb4 25. Ra5 Qxd3 26. Rd1 Qxc4 27. Rc5 Qe6
28. Rxc7 Nc2 29. Rc6 e4 30. Nxe4 Qxc6 31. Ng5+ hxg5 32. Qxc6 Nxe3 33. fxe3 Bxb2
34. h4 gxh4 35. Qe4 Bf6 36. Qf4 Kg7 37. Rd6 Bc3 38. Rd7 Ra8 39. Qc4 Ra1+ 40.
Kf2 Be1+ 41. Ke2 Rb1 42. Qd3 Rc1 43. Qxb3 Bc3 44. Rd1 Rxd1 45. Qxc3+ f6 46.
Kxd1 g5 47. e4 Re8 48. Qc6 Re5 49. Ke2 Kg6 50. Kf3 Kg7 51. Kg4 Kg6 52. Qa8 Kh6
53. g3 hxg3 54. Kxg3 Kg6 55. Kg4 Kh6 56. Qh8+ Kg6 57. Qa8 Kh6 58. Qb7 Kg6 59.
Qc6 Re7 60. Qa8 Re5 1/2-1/2

[Event "Paracin 2018"]
[Site "Paracin, Hotel Petrus"]
[Date "2018.07.12"]
[Round "8.49"]
[White "Srdanovic, Jovana"]
[Black "Horton, Jamie A"]
[Result "1/2-1/2"]
[WhiteElo "2064"]
[BlackElo "2189"]
[PlyCount "65"]
[EventDate "2018.07.06"]

1. e4 c6 2. d4 d5 3. exd5 cxd5 4. Bd3 Nc6 5. c3 Qc7 6. h3 Nf6 7. Nf3 g6 8. Qc2
Bg7 9. O-O O-O 10. Re1 Nh5 11. Nbd2 Nf4 12. Nf1 Nxd3 13. Qxd3 Bf5 14. Qb5 Rfd8
15. Ne3 a6 16. Qe2 Qc8 17. Nxf5 Qxf5 18. Bg5 Re8 19. Qd2 b5 20. Re2 Qd7 21.
Rae1 e6 22. Bh6 Qd6 23. Nh2 Qf8 24. Bxg7 Qxg7 25. Ng4 h5 26. Ne3 Rec8 27. Nc2
a5 28. a3 Rab8 29. Re3 Qf8 30. Rg3 b4 31. axb4 axb4 32. Qg5 bxc3 33. bxc3
1/2-1/2

[Event "Paracin 2018"]
[Site "Paracin, Hotel Petrus"]
[Date "2018.07.12"]
[Round "8.50"]
[White "Ongut, Tamas Gunes"]
[Black "Todorov, Kaloyan"]
[Result "1-0"]
[WhiteElo "2185"]
[BlackElo "1977"]
[Annotator "Natasa"]
[PlyCount "55"]
[EventDate "2018.07.06"]

1. e4 e5 2. Nf3 Nc6 3. Bb5 a6 4. Ba4 Nf6 5. O-O Be7 6. d3 d6 7. c3 O-O 8. Re1
b5 9. Bc2 Re8 10. Nbd2 Nb8 11. Nf1 c5 12. a4 Bb7 13. Ng3 g6 14. Bh6 Ng4 15. Bc1
Nd7 16. h3 Ngf6 17. Bh6 Qc7 18. Qd2 Nf8 19. d4 Ne6 20. d5 Nf8 21. b3 N6d7 22.
Rf1 bxa4 23. Rxa4 Nb6 24. Ra2 Qd8 25. Nh2 Bh4 26. Nf3 Bf6 27. Kh2 Nbd7 28. Ra4
{...} 1-0

[Event "Paracin 2018"]
[Site "Paracin, Hotel Petrus"]
[Date "2018.07.12"]
[Round "8.51"]
[White "Jigjidsuren, Purev"]
[Black "Demirag, Gokhan"]
[Result "0-1"]
[WhiteElo "2183"]
[BlackElo "1855"]
[PlyCount "70"]
[EventDate "2018.07.06"]

1. e4 c6 2. d4 d5 3. e5 Bf5 4. Nc3 e6 5. g4 Bg6 6. Nge2 c5 7. Be3 Nc6 8. h4 h5
9. Nf4 Bh7 10. g5 Bf5 11. g6 Nge7 12. gxf7+ Kxf7 13. Nb5 Ng8 14. Bd3 Nh6 15.
Qxh5+ Kg8 16. Bxf5 Nxf5 17. Qg6 Rh6 18. Qg4 Qa5+ 19. Nc3 cxd4 20. Bd2 Nxe5 21.
Qe2 Nc4 22. Nb1 Nxd2 23. Qxd2 Qb6 24. Nd3 Rxh4 25. Rxh4 Nxh4 26. Qe2 Re8 27.
Nd2 e5 28. O-O-O e4 29. Nf4 Qh6 30. Nxd5 Nf3 31. Kb1 Nxd2+ 32. Rxd2 Bc5 33. a3
e3 34. fxe3 Qh1+ 35. Rd1 Qxd5 0-1

[Event "Paracin 2018"]
[Site "Paracin, Hotel Petrus"]
[Date "2018.07.12"]
[Round "8.52"]
[White "Isha, Sharma"]
[Black "Djukic, Sandra"]
[Result "0-1"]
[WhiteElo "2062"]
[BlackElo "2181"]
[PlyCount "106"]
[EventDate "2018.07.06"]

1. e4 e6 2. d3 d5 3. Nd2 c5 4. g3 Bd6 5. Bg2 Ne7 6. Ngf3 Nbc6 7. O-O O-O 8. Re1
Qc7 9. c3 d4 10. Nc4 e5 11. a4 f6 12. Qb3 Be6 13. Bh3 Bf7 14. a5 Kh8 15. Nfd2
Nc8 16. Qc2 Be7 17. Nb3 Nd6 18. Ncd2 b6 19. f4 dxc3 20. bxc3 c4 21. dxc4 Nxc4
22. Nxc4 Bxc4 23. a6 Rad8 24. Be3 exf4 25. gxf4 Bd6 26. Nd4 Bxf4 27. Bxf4 Qxf4
28. Nxc6 Rd2 29. Qxd2 Qxd2 30. Bg2 Bxa6 31. Kh1 Bb7 32. Nd4 a5 33. Rad1 Qxc3
34. Ne6 Re8 35. Nd8 Ba8 36. Ne6 h6 37. Rc1 Qe5 38. Nc7 Rc8 39. Nxa8 Rxa8 40.
Rf1 Rd8 41. Rb1 Qd4 42. Bf3 Qe3 43. Rbe1 Qg5 44. e5 fxe5 45. Be4 a4 46. Rf5 Qh4
47. Rff1 a3 48. Bb1 Qc4 49. Rf2 Qc5 50. Ref1 b5 51. Rf7 b4 52. Be4 a2 53. Rg1
Qxg1+ 0-1

[Event "Paracin 2018"]
[Site "Paracin, Hotel Petrus"]
[Date "2018.07.12"]
[Round "8.53"]
[White "Kecskemeti, Arpad"]
[Black "Sultan, Ibrahim"]
[Result "1-0"]
[WhiteElo "2297"]
[BlackElo "2126"]
[PlyCount "43"]
[EventDate "2018.07.06"]

1. e4 e6 2. d4 d5 3. Nc3 Nf6 4. Bg5 dxe4 5. Nxe4 Nbd7 6. Nf3 Be7 7. Bxf6 Bxf6
8. c3 b6 9. Bd3 Bb7 10. Qe2 Qe7 11. O-O-O O-O-O 12. Ba6 Nb8 13. Bxb7+ Kxb7 14.
Kb1 Rhe8 15. Nfd2 e5 16. Qf3 c6 17. Rhe1 Qe6 18. Ka1 Na6 19. dxe5 Bxe5 20. Ng5
Qf6 21. Nxf7 Qxf3 22. Nxd8+ 1-0

[Event "Paracin 2018"]
[Site "Paracin, Hotel Petrus"]
[Date "2018.07.12"]
[Round "8.54"]
[White "Jovanovic, Sasa T"]
[Black "Harshini, A."]
[Result "1-0"]
[WhiteElo "2258"]
[BlackElo "2037"]
[PlyCount "117"]
[EventDate "2018.07.06"]

1. Nf3 Nf6 2. c4 g6 3. b3 Bg7 4. Bb2 c5 5. g3 Nc6 6. Bg2 O-O 7. O-O d5 8. cxd5
Nxd5 9. Bxg7 Kxg7 10. Qc1 Qd6 11. Nc3 b6 12. Nxd5 Qxd5 13. d4 Bb7 14. dxc5 bxc5
15. Qb2+ Kg8 16. Rac1 Rac8 17. Ne5 Qxe5 18. Qxe5 Nxe5 19. Bxb7 Rc7 20. Ba6 Rd8
21. Rc2 Rd6 22. Bb5 a6 23. Ba4 Nd7 24. Bxd7 Rcxd7 25. Rxc5 Rd2 26. Ra5 Rxe2 27.
Rxa6 Rdd2 28. b4 Rxa2 29. Rxa2 Rxa2 30. Rb1 Ra6 31. b5 Rb6 32. Kf1 f5 33. Ke2
Kf7 34. Kd3 Ke6 35. Kc4 Kd6 36. f4 h6 37. Ra1 Kc7 38. Ra7+ Kb8 39. Rxe7 Rf6 40.
Rg7 g5 41. Kd5 Rb6 42. Kc5 Rf6 43. h4 g4 44. h5 Re6 45. Rg6 Re3 46. Rxh6 Rxg3
47. Kb6 Kc8 48. Rf6 Rh3 49. Rxf5 g3 50. Rg5 g2 51. Rxg2 Rxh5 52. Rg8+ Kd7 53.
Rg5 Rh4 54. f5 Rb4 55. Rg7+ Kd6 56. f6 Rb1 57. Rc7 Rf1 58. Kb7 Ke6 59. f7 1-0

[Event "Paracin 2018"]
[Site "Paracin, Hotel Petrus"]
[Date "2018.07.12"]
[Round "8.55"]
[White "Ayan, Bengu Sena"]
[Black "Bergsson, Stefan"]
[Result "0-1"]
[WhiteElo "1787"]
[BlackElo "2192"]
[PlyCount "66"]
[EventDate "2018.07.06"]

1. d4 Nf6 2. c4 e6 3. Nc3 Bb4 4. e3 b6 5. Nge2 Bb7 6. a3 Be7 7. d5 b5 8. Ng3
O-O 9. Be2 bxc4 10. Bxc4 exd5 11. Nxd5 Nxd5 12. Bxd5 c6 13. Bf3 d5 14. O-O Nd7
15. b4 Bf6 16. Rb1 Ba6 17. Be2 Bxe2 18. Nxe2 Ne5 19. Bb2 a5 20. Bd4 Nc4 21. Qc1
Rb8 22. Rd1 Re8 23. Nc3 Be7 24. Na2 Bd6 25. Qc3 f6 26. h3 Qe7 27. Re1 Ra8 28.
Ra1 Qe4 29. Bc5 Be5 30. Bd4 Bc7 31. Nc1 Nxa3 32. Bxf6 Nc2 33. Bxg7 Nxe1 0-1

[Event "Paracin 2018"]
[Site "Paracin, Hotel Petrus"]
[Date "2018.07.12"]
[Round "8.56"]
[White "Cirovic, Miroljub"]
[Black "Stanojevic, Ilija"]
[Result "1-0"]
[WhiteElo "2183"]
[BlackElo "2120"]
[PlyCount "59"]
[EventDate "2018.07.06"]

1. d4 d5 2. c4 dxc4 3. e4 b5 4. a4 c6 5. axb5 cxb5 6. Nc3 a6 7. Nxb5 axb5 8.
Rxa8 Bb7 9. Ra1 e6 10. f3 f5 11. exf5 Ne7 12. Ne2 Nxf5 13. Ra7 Bd5 14. Bf4 Bb4+
15. Kf2 Nc6 16. Rb7 e5 17. Rxb5 exf4 18. Nxf4 O-O 19. Rxd5 Qh4+ 20. g3 Qh6 21.
Bxc4 Kh8 22. Rxf5 Rxf5 23. Kg2 g5 24. Qd3 Rf8 25. Ne6 Rf6 26. Qe4 g4 27. f4
Qh3+ 28. Kf2 Ne7 29. Qa8+ Ng8 30. Ng5 1-0

[Event "Paracin 2018"]
[Site "Paracin, Hotel Petrus"]
[Date "2018.07.12"]
[Round "8.57"]
[White "Gochev, Mladen"]
[Black "Radojkovic, Stefan"]
[Result "0-1"]
[WhiteElo "2181"]
[BlackElo "2105"]
[PlyCount "154"]
[EventDate "2018.07.06"]

1. e4 c5 2. Nf3 e6 3. g3 d6 4. Bg2 Nf6 5. Qe2 Nc6 6. O-O Qc7 7. c3 Be7 8. Rd1
O-O 9. d4 cxd4 10. cxd4 d5 11. e5 Ne4 12. Be3 b6 13. Ne1 f5 14. exf6 Nxf6 15.
Nc3 Na5 16. Nf3 Qc4 17. Qe1 Qb4 18. b3 Ng4 19. Bd2 Qd6 20. h3 Nh6 21. Bf4 Qd8
22. Ne5 Nf7 23. Rac1 Nxe5 24. Bxe5 a6 25. Ne2 Bd6 26. Nf4 Re8 27. Rc2 Qd7 28.
Nxd5 Rb8 29. b4 exd5 30. Bxd5+ Kh8 31. bxa5 Bxe5 32. dxe5 Qf5 33. Re2 Qxh3 34.
e6 Bb7 35. Bxb7 Rxb7 36. Rd7 Rbb8 37. Qc3 Qh6 38. Qe3 Qxe3 39. Rxe3 bxa5 40. f4
Rb2 41. f5 Kg8 42. Rc3 Rb4 43. Rcc7 Rg4 44. Kg2 h5 45. Kh3 a4 46. a3 Rg5 47.
Rf7 Rb8 48. Kh4 Rg4+ 49. Kxh5 Rxg3 50. Rb7 Rc8 51. Rb4 Rxa3 52. Kg4 Ra1 53. Ra7
Rf8 54. Rxa6 Rg1+ 55. Kh3 Rf1 56. Rb5 R1xf5 57. Rxf5 Rxf5 58. Ra8+ Rf8 59. Rxa4
Kh7 60. Ra6 Re8 61. Kg4 Kg6 62. Kf4 Kf6 63. Ke4 Rxe6+ 64. Rxe6+ Kxe6 65. Kf4
Kf6 66. Kg4 Kg6 67. Kh4 Kf5 68. Kh3 Kf4 69. Kg2 g5 70. Kh2 Kf3 71. Kh3 g4+ 72.
Kh2 Kf2 73. Kh1 Kg3 74. Kg1 Kf3 75. Kh2 Kf2 76. Kh1 Kg3 77. Kg1 Kh3 0-1

[Event "Paracin 2018"]
[Site "Paracin, Hotel Petrus"]
[Date "2018.07.12"]
[Round "8.59"]
[White "Lea, Daniel"]
[Black "Mar, Karmen"]
[Result "0-1"]
[WhiteElo "1973"]
[BlackElo "2130"]
[PlyCount "66"]
[EventDate "2018.07.06"]

1. d4 d5 2. c4 c6 3. Nf3 Nf6 4. Nc3 dxc4 5. a4 Bf5 6. e3 e6 7. Bxc4 Bb4 8. O-O
Nbd7 9. Nh4 Bg4 10. f3 Bh5 11. g4 Bg6 12. Nxg6 hxg6 13. Qe2 Nb6 14. Bd2 Bd6 15.
Rf2 Qc7 16. Bd3 Nbd5 17. Nxd5 Nxd5 18. Bc4 Nb6 19. b3 O-O-O 20. a5 Nd7 21. a6
b6 22. Rc1 Rh3 23. Bb5 Nb8 24. e4 Ba3 25. Rc2 Rxd4 26. Be3 Rb4 27. Bc4 b5 28.
Bxb5 Rxb5 29. Qd2 Rxb3 30. Bf4 e5 31. Bg3 Rh8 32. Qg5 Rb5 33. f4 Be7 0-1

[Event "Paracin 2018"]
[Site "Paracin, Hotel Petrus"]
[Date "2018.07.12"]
[Round "8.61"]
[White "Pajcin, Lav"]
[Black "Tarun, V Kanth"]
[Result "0-1"]
[WhiteElo "2130"]
[BlackElo "2086"]
[PlyCount "66"]
[EventDate "2018.07.06"]

1. e4 e5 2. Nf3 Nc6 3. Bc4 Bc5 4. d3 Nf6 5. Nc3 d6 6. Be3 Bxe3 7. fxe3 O-O 8.
O-O Ne7 9. Qe1 Ng6 10. Nh4 Nxh4 11. Qxh4 Be6 12. Bb3 Ng4 13. Qg3 Nh6 14. d4
Bxb3 15. axb3 exd4 16. exd4 f5 17. e5 dxe5 18. Qxe5 Re8 19. Qf4 Qd7 20. Rae1 c6
21. d5 cxd5 22. Rd1 Qc6 23. Nxd5 Re2 24. Rd2 Rae8 25. Rxe2 Rxe2 26. Qb8+ Kf7
27. Nf4 Qb6+ 28. Kh1 Re8 29. Nd5 Rxb8 30. Nxb6 axb6 31. Rd1 Re8 32. h3 Ke7 33.
Ra1 Kd7 0-1

[Event "Paracin 2018"]
[Site "Paracin, Hotel Petrus"]
[Date "2018.07.12"]
[Round "8.62"]
[White "Trifunovic, Miroljub"]
[Black "Farkas, Sandor"]
[Result "1/2-1/2"]
[WhiteElo "2198"]
[BlackElo "1998"]
[PlyCount "62"]
[EventDate "2018.07.06"]

1. d4 Nf6 2. Nf3 g6 3. g3 Bg7 4. Bg2 O-O 5. O-O d6 6. h3 Nc6 7. d5 Na5 8. Nc3
c5 9. e4 Nd7 10. a4 a6 11. Qe2 b6 12. Bf4 Ne5 13. Nxe5 dxe5 14. Be3 Nb7 15. f4
Nd6 16. a5 Bd7 17. Rf2 Qc7 18. axb6 Qxb6 19. Na4 Bxa4 20. Rxa4 a5 21. c3 Qc7
22. f5 Bf6 23. Qc2 Rfc8 24. Rf1 Kg7 25. g4 g5 26. Qd2 h6 27. h4 Rg8 28. hxg5
hxg5 29. Bxg5 Kf8 30. Bh6+ Ke8 31. g5 Bh8 1/2-1/2

[Event "Paracin 2018"]
[Site "Paracin, Hotel Petrus"]
[Date "2018.07.12"]
[Round "8.63"]
[White "Yerden, Huseyin Eren"]
[Black "Dezelin, Milan"]
[Result "1-0"]
[WhiteElo "2022"]
[BlackElo "2146"]
[PlyCount "71"]
[EventDate "2018.07.06"]

1. d4 Nf6 2. c4 e6 3. g3 Bb4+ 4. Bd2 c5 5. Nf3 Qb6 6. a3 Bxd2+ 7. Qxd2 cxd4 8.
Qxd4 Qxd4 9. Nxd4 Nc6 10. Nb5 Ke7 11. Nd2 a6 12. Nc3 d6 13. Bg2 Bd7 14. O-O
Rac8 15. Rfd1 Rc7 16. Nde4 Ne8 17. c5 dxc5 18. Nxc5 Nd8 19. b4 Bc6 20. e4 f6
21. f4 Nd6 22. Re1 Nc4 23. Nd5+ Bxd5 24. exd5 e5 25. Rac1 b5 26. fxe5 fxe5 27.
a4 Ra7 28. Bf1 Nd2 29. Rxe5+ Kd6 30. Rf5 Nxf1 31. Ne4+ Kd7 32. Rcxf1 Re8 33.
Nc5+ Kd6 34. a5 g6 35. Rf6+ Kxd5 36. Rd1+ 1-0

[Event "Paracin 2018"]
[Site "Paracin, Hotel Petrus"]
[Date "2018.07.12"]
[Round "8.64"]
[White "Konstantinov, Aleksandar"]
[Black "Vlassis, Georgios"]
[Result "1/2-1/2"]
[WhiteElo "2133"]
[BlackElo "2005"]
[PlyCount "39"]
[EventDate "2018.07.06"]

1. d4 Nf6 2. c4 e6 3. Nc3 Bb4 4. Qc2 O-O 5. Bg5 d6 6. e3 Qe7 7. Nf3 Nbd7 8. Be2
b6 9. O-O Bxc3 10. Qxc3 Re8 11. Nd2 Bb7 12. Bf3 Bxf3 13. Nxf3 h6 14. Bxf6 Qxf6
15. Rac1 e5 16. dxe5 Nxe5 17. Nxe5 Qxe5 18. Qxe5 Rxe5 19. Rfd1 a5 20. a4
1/2-1/2

[Event "Paracin 2018"]
[Site "Paracin, Hotel Petrus"]
[Date "2018.07.12"]
[Round "8.65"]
[White "Kolbert, Engelbert"]
[Black "Zhukov, Anton"]
[Result "1/2-1/2"]
[WhiteElo "2124"]
[BlackElo "2046"]
[PlyCount "53"]
[EventDate "2018.07.06"]

1. e4 c6 2. d4 d5 3. Nc3 dxe4 4. Nxe4 Bf5 5. Ng3 Bg6 6. Nf3 Nd7 7. Nh4 e6 8.
Nxg6 hxg6 9. c3 Ngf6 10. Bc4 Bd6 11. Qf3 Qc7 12. Bg5 O-O 13. O-O c5 14. Bb3
Rac8 15. Bxf6 Nxf6 16. dxc5 Bxg3 17. hxg3 Qe7 18. Rad1 Rxc5 19. Rd4 g5 20. Rfd1
g6 21. Qd3 Kg7 22. Rd8 Qxd8 23. Qxd8 Rxd8 24. Rxd8 Re5 25. Kf1 Ne4 26. Bc2 Nf6
27. Bb3 1/2-1/2

[Event "Paracin 2018"]
[Site "Paracin, Hotel Petrus"]
[Date "2018.07.12"]
[Round "8.67"]
[White "Stankovic, Milos M"]
[Black "Lopuszanski, Kamil"]
[Result "1-0"]
[WhiteElo "2100"]
[BlackElo "1984"]
[PlyCount "96"]
[EventDate "2018.07.06"]

1. d4 Nf6 2. c4 g6 3. Nc3 Bg7 4. e4 O-O 5. f3 d6 6. Be3 Nc6 7. Qd2 a6 8. Nge2
Rb8 9. Ng3 e6 10. d5 Ne5 11. a4 h5 12. Bg5 Qe8 13. Be2 Nh7 14. Be3 Qe7 15. O-O
b6 16. Rae1 Bb7 17. Qd1 Rbe8 18. f4 Nd7 19. Bd3 c6 20. f5 exf5 21. dxc6 Bxc6
22. exf5 Qh4 23. Rf4 Qg5 24. Qd2 Rxe3 25. Qxe3 Nc5 26. Nge4 Bxe4 27. Nxe4 Qxf4
28. Qxf4 Nxd3 29. Qe3 Nxe1 30. fxg6 fxg6 31. Qxe1 Bd4+ 32. Kh1 Bxb2 33. Nxd6
Rf6 34. Ne4 Rf5 35. g3 Nf8 36. Qd2 Ba3 37. Qd8 Bc5 38. Nxc5 bxc5 39. Qb6 Kf7
40. Qxa6 Ne6 41. Qb7+ Kf6 42. a5 Nd4 43. a6 Rf2 44. a7 Nf3 45. Qxf3+ Rxf3 46.
a8=Q Rf5 47. Kg2 Kg5 48. Qd8+ Kh6 1-0

[Event "Paracin 2018"]
[Site "Paracin, Hotel Petrus"]
[Date "2018.07.12"]
[Round "8.68"]
[White "Mijatovic, Dusan"]
[Black "Damjanovic, Vuk"]
[Result "1/2-1/2"]
[WhiteElo "2071"]
[BlackElo "1939"]
[PlyCount "47"]
[EventDate "2018.07.06"]

1. e4 e5 2. Nc3 Bc5 3. Bc4 Nf6 4. d3 O-O 5. f4 d5 6. fxe5 Ng4 7. d4 dxc4 8.
dxc5 Qe7 9. Nf3 Qxc5 10. Qe2 Nc6 11. Bf4 Be6 12. Rd1 Rad8 13. h3 Ngxe5 14. Nxe5
Nxe5 15. Be3 Rxd1+ 16. Nxd1 Qa5+ 17. Nc3 Qb4 18. Bc1 Qb6 19. Qe3 Rd8 20. O-O f6
21. Qxb6 axb6 22. Be3 Kf7 23. Nb5 Rd7 24. a4 1/2-1/2

[Event "Paracin 2018"]
[Site "Paracin, Hotel Petrus"]
[Date "2018.07.12"]
[Round "8.69"]
[White "Milanovic, Maja"]
[Black "Bilic, Milanko"]
[Result "0-1"]
[WhiteElo "1955"]
[BlackElo "2066"]
[PlyCount "124"]
[EventDate "2018.07.06"]

1. e4 d6 2. d4 Nf6 3. Nc3 e5 4. dxe5 dxe5 5. Bd3 Bc5 6. h3 Be6 7. Nf3 h6 8. O-O
Nbd7 9. a3 O-O 10. b4 Be7 11. Bb2 c6 12. Ne2 Qc7 13. Ng3 Rfe8 14. Qe2 Bf8 15.
Bc4 a5 16. Bxe6 Rxe6 17. Qc4 b5 18. Qb3 c5 19. bxa5 c4 20. Qc3 Rxa5 21. Rfd1
Ra4 22. Bc1 Qa7 23. Rb1 Qa6 24. Rb4 Bxb4 25. axb4 Qc6 26. Re1 Qd6 27. Bd2 Qa6
28. Bc1 Ra2 29. Nh4 Qa4 30. Bb2 g6 31. Nf3 Qa6 32. Bc1 Kg7 33. Nh4 Ng8 34. Nf3
f6 35. Rd1 Rd6 36. Re1 Nb6 37. Nxe5 fxe5 38. Qxe5+ Rf6 39. Rd1 Nc8 40. Rd7+
Nce7 41. Bb2 Kf7 42. Qd5+ Qe6 43. Bxf6 Qxd5 44. exd5 Nxf6 45. Rb7 Nfxd5 46.
Rxb5 Rxc2 47. Ne4 Rb2 48. Nd6+ Ke6 49. Nxc4 Rxb4 50. Rxb4 Nxb4 51. g3 Nc2 52.
Kg2 Nd5 53. Kf3 Nd4+ 54. Ke4 Nf5 55. Nd2 Nc3+ 56. Kd3 Nd5 57. Ke4 Nd6+ 58. Kd4
Nf6 59. Kd3 Nf7 60. h4 h5 61. Ke2 Ne5 62. Nf1 Nd5 0-1

[Event "Paracin 2018"]
[Site "Paracin, Hotel Petrus"]
[Date "2018.07.12"]
[Round "8.70"]
[White "Stojanovic, Sreten"]
[Black "Caberoglu, Arda"]
[Result "1-0"]
[WhiteElo "2060"]
[BlackElo "1869"]
[PlyCount "83"]
[EventDate "2018.07.06"]

1. e4 c6 2. d4 d5 3. Nc3 dxe4 4. Nxe4 Bf5 5. Ng3 Bg6 6. Nf3 Nd7 7. h4 h6 8. Bd3
Bxd3 9. Qxd3 e6 10. Bd2 Ngf6 11. a3 Be7 12. Ne4 Nxe4 13. Qxe4 Nf6 14. Qe2 O-O
15. O-O-O Qd5 16. Kb1 Qe4 17. Qf1 b5 18. Rh3 a5 19. Re1 Qd5 20. Re5 Qd7 21. Re2
b4 22. Ne5 Qc7 23. a4 c5 24. dxc5 Qxc5 25. Qc1 Kh7 26. g4 Bd6 27. f4 Bxe5 28.
Rxe5 Qc6 29. g5 Nd5 30. f5 exf5 31. Rxf5 g6 32. Re5 Rab8 33. h5 Nc3+ 34. Bxc3
bxc3 35. hxg6+ Kg8 36. gxf7+ Rxf7 37. b3 Qg2 38. Rxc3 Rbf8 39. Ka2 Rf1 40. Qb2
hxg5 41. Rcc5 Rg1 42. Re7 1-0

[Event "Paracin 2018"]
[Site "Paracin, Hotel Petrus"]
[Date "2018.07.12"]
[Round "8.71"]
[White "Molnar, Gabor Roland"]
[Black "Radovic, Stefan"]
[Result "1/2-1/2"]
[WhiteElo "2034"]
[BlackElo "2045"]
[PlyCount "149"]
[EventDate "2018.07.06"]

1. e4 c5 2. c3 g6 3. d4 cxd4 4. cxd4 d5 5. exd5 Nf6 6. Nc3 Nxd5 7. Bc4 Nb6 8.
Bb3 Bg7 9. Nf3 O-O 10. O-O Nc6 11. Be3 Na5 12. h3 Nxb3 13. Qxb3 Be6 14. d5 Nxd5
15. Qxb7 Nxe3 16. fxe3 Rb8 17. Qxa7 Rxb2 18. Rac1 Qd6 19. Ne4 Qb4 20. Nc5 Rxa2
21. Qxe7 Qb2 22. Nh4 Bd5 23. e4 Bd4+ 24. Kh1 Bxc5 25. Rxc5 Qe2 26. Rf4 Qe3 27.
Rg4 Ra1+ 28. Kh2 Qg1+ 29. Kg3 Ra3+ 30. Nf3 Be6 31. Rf4 Qe3 32. Rc7 Rc3 33. Ra7
Qc5 34. Qxc5 Rxc5 35. e5 h6 36. Rb4 Bd5 37. Rba4 Bxf3 38. Kxf3 Rxe5 39. Ra8
Rxa8 40. Rxa8+ Kg7 41. Ra3 g5 42. Ra6 Rf5+ 43. Kg3 Rf4 44. Rb6 f6 45. Ra6 h5
46. Rb6 Kg6 47. Ra6 h4+ 48. Kh2 Rf1 49. Rb6 Re1 50. Ra6 Kf5 51. Ra5+ Kf4 52.
Ra4+ Re4 53. Ra8 f5 54. Rf8 Re5 55. Rf7 Ke3 56. Rg7 Kf4 57. Rf7 Re1 58. Rf8 Rd1
59. Rf7 Ke5 60. Rg7 Kf6 61. Rg8 Rd4 62. Rf8+ Ke6 63. Re8+ Kf7 64. Rh8 Rd1 65.
Ra8 g4 66. hxg4 fxg4 67. Ra4 g3+ 68. Kh3 Rh1+ 69. Kg4 Rh2 70. Ra2 Ke6 71. Ra6+
Ke5 72. Rh6 Rxg2 73. Rxh4 Rg1 74. Kf3 g2 75. Rh2 1/2-1/2

[Event "Paracin 2018"]
[Site "Paracin, Hotel Petrus"]
[Date "2018.07.12"]
[Round "8.66"]
[White "Zlatanovic, Zoran"]
[Black "Petrovic, Zoran Z"]
[Result "1/2-1/2"]
[WhiteElo "2108"]
[BlackElo "2025"]
[PlyCount "42"]
[EventDate "2018.07.06"]

1. e4 c6 2. d3 d5 3. Nd2 e5 4. Ngf3 Bd6 5. g3 Nf6 6. Bg2 O-O 7. O-O Re8 8. c3
a5 9. h3 Na6 10. Nh4 Nc5 11. Qf3 Bf8 12. Rd1 h6 13. Nf1 g6 14. Nh2 Ne6 15. Ng4
Nxg4 16. hxg4 Ng5 17. Qe2 Qd7 18. f3 Bc5+ 19. Kh2 d4 20. c4 Bd6 21. Rh1 Kg7
1/2-1/2